000 00855cam a22002771 4500
001 28949
003 BD-RjUL
005 20211209051342.0
008 140401s1969 nyua b 001 0 eng
035 _a(BD-RjUL)29033
040 _aDLC
_cDLC
_dDLC
_dBD-RjUL
_beng
041 _aeng
082 0 0 _a128
_bROM 1969
100 1 _aRoyce, James E.
_988460
245 1 0 _aMan and meaning :
_ba successor to Man and his nature /
_c[by] James E. Royce.
260 _aNew York :
_bMcGraw-Hill,
_c1969.
300 _aix, 334 p. :
_bill. ;
_c23 cm.
500 _aA revision of the author's Man and his nature.
504 _aBibliography: p. 301-323.
504 _aIncludes index.
650 0 _aPhilosophical anthropology.
_93634
700 1 _aRoyce, James E.
_tMan and his nature.
_93658
942 _2ddc
_cBK
999 _c28949
_d28949